| 000 | 01017nam a22003857a 4500 | ||
|---|---|---|---|
| 005 | 20241008183920.0 | ||
| 008 | 160113b xxu||||| |||| 00| 0 spa d | ||
| 020 | _a9789506416973 | ||
| 041 | _aspa | ||
| 082 | _a658.3 AL434so | ||
| 100 | _aAlles, Martha | ||
| 245 | _aSocial media y recursos humanos | ||
| 260 |
_aArgentina _bGranica _c2012 |
||
| 300 | _a320 páginas | ||
| 650 | _aRECURSOS HUMANOS | ||
| 650 | _aROLES DE GERENCIA | ||
| 650 | _aESTILO DE LIDERAZGO | ||
| 650 | _aLIDERAZGO | ||
| 650 | _aVIDA PROFESIONAL | ||
| 650 | _aVIDA PERSONAL | ||
| 650 | _aAPLICACIONES WEB 2.0 | ||
| 650 | _aTECNOLOGÍAS DE COMUNICACIÓN | ||
| 650 | _aSOCIAL MEDIA | ||
| 650 | _aREDES SOCIALES | ||
| 650 | _aCLIENTES | ||
| 650 | _aCONSUMIDORES | ||
| 650 | _aDESARROLLO DE COMPETENCIAS | ||
| 650 | _aNUEVAS ERAS DE WIKIS | ||
| 650 | _aPERFIL EN LA WEB | ||
| 650 | _aRECLUTAMIENTO | ||
| 650 | _aSELECCIÓN DE PERSONAL | ||
| 650 | _aCOMUNICACIÓN | ||
| 650 | _aCOMPETENCIAS | ||
| 942 | _cBK | ||
| 999 |
_c7338 _d7338 |
||